000
00338 a2200157 4500
001
170966
020
_a
040
_c
Magnum
100
_a
Santos, Marcos Cesar de Oliveira
240
1
0
_a
Baleias e golfinhos
_l
por
245
1
0
_a
Baleias e golfinhos
362
0
_a
1899
440
1
_a
Scipione
697
_a
PARADIDATICOS
942
_c
BK
999
_c
170966
_d
170966